Modness in society (Record no. 1447284)

MARC details
000 -LEADER
fixed length control field 00573nam a2200205Ia 4500
005 - DATE AND TIME OF LATEST TRANSACTION
control field 20250923145119.0
008 - FIXED-LENGTH DATA ELEMENTS--GENERAL INFORMATION
fixed length control field 008 250917s9999 xx 000 0 eng d
037 ## - SOURCE OF ACQUISITION
Stock number Textual
040 ## - CATALOGING SOURCE
Original cataloging agency DSWL
Language of cataloging eng
Transcribing agency DSWL
041 ## - LANGUAGE CODE
Language code of text/sound track or separate title eng
Source of code eng
084 ## - COLON CLASSIFICATION NUMBER
Classification number L7:4:6924, K68
Assigning agency DSWL
100 ## - MAIN ENTRY--PERSONAL NAME
Personal name Rosen, George
9 (RLIN) 831911
245 #0 - TITLE STATEMENT
Title Modness in society
Statement of responsibility, etc. by George Rosen
260 ## - PUBLICATION, DISTRIBUTION, ETC.
Place of publication, distribution, etc. London
Name of publisher, distributor, etc. Routledge & Kegan Paul Ltd.
Date of publication, distribution, etc. 1968
300 ## - PHYSICAL DESCRIPTION
Extent 262 p.
365 ## - TRADE PRICE
Price type code INR
Price amount 42
925 ## -
-- 42
942 ## - ADDED ENTRY ELEMENTS (KOHA)
Koha item type Textual
Classification part L7:4:6924, K68
Holdings
Withdrawn status Lost status Damaged status Not for loan Home library Current library Date acquired Inventory number Total Checkouts Full call number Barcode Date last seen Price effective from Koha item type
        Department of Social Work Library Department of Social Work Library 2025-09-23 77648 26/03/1968   L7:4:6924, K68 SW0012910 2025-09-23 2025-09-23 Textual
Copyright @ Delhi University Library System